000 00663nam a22002177a 4500
003 UA-OsUOA
001 72478
007 ta
008 20110118b un ||||| |||| 00| 0 ukr d
100 _aМартьянов В.С.
090 _a32
_bМ29
942 _cSA
040 _aUA-OsUOA
_brus
_cUA-OsUOA
_dUA-OsUOA
245 _aПолитический Модерн за пределами Европы: ценностное единство и институциональное разнобразие
300 _aС.54-66
955 _a0
041 _arus
080 _a32
773 0 _w72475
_tПолития
_dМ.
_d2010
_g4
650 7 _a32 Політика
_2UDC
999 _c358784
_d358784